000
00284nam a2200133Ia 4500
100
_a
Desphande/ Kulkarni
942
_c
BK
654
_a
Applied Mechanics
245
_a
Applied Mechanics
260
_b
Pragati Prakashan
_a
Bombay
300
_a
281
546
_a
ENGLISH
999
_c
19306
_d
19306